| 000 | 02298cam a22005533a 4500 | ||
|---|---|---|---|
| 001 | 9363 | ||
| 003 | PGUSA | ||
| 005 | 20140828083211.0 | ||
| 008 | 051101s2005||||xxu|||||s|||||000 | eng d | ||
| 040 |
_aPGUSA _beng |
||
| 042 | _adc | ||
| 050 | 4 | _aPR | |
| 245 | 1 | 4 |
_aThe Best British Short Stories of 1922 _h[electronic resource] |
| 260 |
_bProject Gutenberg, _c2005 |
||
| 500 | _aSee also abridged version PG#22319 pub. in Boston | ||
| 505 | 0 | _aWhere was Wych Street? -- The looking-glass -- The olive -- Once a hero -- "The pensioner" -- Broadsheet ballad -- The Christmas present -- Seaton's aunt -- The reaper -- The song -- A hedonist -- The Bat and Belfry Inn -- The lie -- A girl in it -- The backstairs of the mind -- The birth of a masterpiece -- "Genius" -- The devil to pay -- Empty arms -- Lena Wrace -- The dice thrower -- The stranger woman -- The woman who sat still -- Major Wilbraham. | |
| 506 | _aPublic domain in the USA. | ||
| 516 | _aElectronic text | ||
| 653 | _aShort stories, English | ||
| 700 | 1 |
_aStern, G. B. _q(Gladys Bronwyn), _d1890-1973 |
|
| 700 | 1 |
_aWalpole, Hugh, _cSir, _d1884-1941 |
|
| 700 | 1 |
_aCaine, William, _d1873-1925 |
|
| 700 | 1 |
_aBrighouse, Harold, _d1882-1958 |
|
| 700 | 1 |
_aMalet, Lucas, _d1852-1931 |
|
| 700 | 1 |
_aEdginton, May, _d1883-1957 |
|
| 700 | 1 |
_aPertwee, Roland, _d1885-1963 |
|
| 700 | 1 |
_aMoult, Thomas, _d1893-1974 |
|
| 700 | 1 |
_aSinclair, May, _d1863-1946 |
|
| 700 | 1 |
_aEaston, Dorothy, _d1889- |
|
| 700 | 1 | _aGraham, Alan | |
| 700 | 1 |
_aHorn, Holloway, _d1886- |
|
| 700 | 1 |
_aPemberton, Max, _cSir, _d1863-1950 |
|
| 700 | 1 |
_aCrompton, Richmal, _d1890-1969 |
|
| 700 | 1 |
_aO'Brien, Edward Joseph Harrington, _d1890-1941 |
|
| 700 | 1 |
_aLangbridge, Rosamond, _d1880-1964 |
|
| 700 | 1 |
_aAumonier, Stacy, _d1887-1928 |
|
| 700 | 1 |
_aBlackwood, Algernon, _d1869-1951 |
|
| 700 | 1 | _aKenney, Rowland | |
| 700 | 1 | _aTruscott, L. Parry | |
| 700 | 1 |
_aGalsworthy, John, _d1867-1933 |
|
| 700 | 1 |
_aDe la Mare, Walter, _d1873-1956 |
|
| 700 | 1 |
_aCournos, John, _d1881-1966 |
|
| 700 | 1 |
_aMordaunt, Elinor, _d1876-1942 |
|
| 700 | 1 |
_aBeresford, J. D. _q(John Davys), _d1873-1947 |
|
| 700 | 1 |
_aCoppard, A. E. _q(Alfred Edgar), _d1878-1957 |
|
| 830 | 0 |
_aProject Gutenberg _v9363 |
|
| 856 | 4 | 0 | _uhttp://www.gutenberg.org/ebooks/9363 |
| 942 | _cEB | ||
| 999 |
_c238619 _d238619 |
||